01001nam a2200241 a 450000100100000000500170001000800410002702000150006804000250008308200150010810000320012324501560015525000120031126000950032330000280041849000310044650000420047770000410051970000340056083000380059495201120063299900150074400000718120200929154104.0090907s1988 dr 000 0 spa d a8439923309 aDO-SdBNPbspacBNPHU axxxbA366r1 aAlegría, José S.91993910aRetablos de la aldea :bestampas de tipos puertorriqueños /cJosé S. Alegría ; prólogo de Concha Meléndez ; ilustraciones de Carlos Marichal. a11a ed. aSanto Domingo :bColección de Estudios Puertorriqueños San Juan de Puerto Rico,c1988. a144 p. :bil. ;c22 cm.1 aEstudios puertorriqueños aIncluye datos biográficos del autor1 aMeléndez, Concha,eprólogo962641 aMarichal, Carlos,eil.919940 0aEstudios puertorriqueños919941 0010718PDaGRbGRcCTd2009-09-07iLF1l0oxxx A366rp7181-10r2020-06-25w2020-06-25yLFPDZNo se presta c6962d6962